[Event "European Online Club-ch-E 2021"]
[Site "Online"]
[Date "2021.03.27"]
[Round "2.3"]
[White "Lejeune, Gael"]
[Black "Valner, Uku"]
[Result "0-1"]
[WhiteElo "2070"]
[BlackElo "2296"]
[Annotator "NA"]
[PlyCount "68"]
[EventDate "2021.03.27"]
[EventType "team-tourn"]
[EventCountry "NET"]
[SourceTitle "playchess.com"]
[Source "ChessBase"]
[SourceQuality "1"]
[TimeControl "900+5"]

1. d4 {[%emt 0:00:00]} e6 {[%emt 0:00:02]} 2. Nf3 {[%emt 0:00:04]} Nf6 {[%emt 0:00:04]} 3. g3 {[%emt 0:00:05]} b6 {[%emt 0:00:02]} 4. Bg2 {[%emt 0:00:01]} Bb7 {[%emt 0:00:01]} 5. O-O {[%emt 0:00:01]} Be7 {[%emt 0:00:06]} 6. c4 {[%emt 0:00:03]} O-O {[%emt 0:00:02]} 7. Nc3 {[%emt 0:00:02]} Ne4 {[%emt 0:00:02]} 8. Qc2 {[%emt 0:00:04]} Nxc3 {[%emt 0:00:15]} 9. Qxc3 {[%emt 0:00:00]} d6 {[%emt 0:00:06]} 10. b3 {[%emt 0:00:06]} Nd7 {[%emt 0:00:02]} 11. Bb2 {[%emt 0:00:02]} Bf6 {[%emt 0:00:35]} 12. Qc2 {[%emt 0:00:17]} g6 {[%emt 0:00:27]} 13. Rad1 {[%emt 0:00:09]} Qe7 {[%emt 0:00:28]} 14. Nd2 {[%emt 0:01:03]} Bxg2 {[%emt 0:00:05]} 15. Kxg2 {[%emt 0:00:00]} Rac8 {[%emt 0:00:33]} 16. e4 {[%emt 0:00:34]} e5 {[%emt 0:00:02]} 17. dxe5 {[%emt 0:00:05]} dxe5 {[%emt 0:00:25]} 18. Nb1 {[%emt 0:00:12]} Rfd8 {[%emt 0:00:04]} 19. Ba3 {[%emt 0:00:09]} Qe6 {[%emt 0:00:17]} 20. Nc3 {[%emt 0:00:15]} c6 {[%emt 0:00:02]} 21. Rd3 {[%emt 0:00:29]} Be7 {[%emt 0:00:14]} 22. Bxe7 {[%emt 0:00:13]} Qxe7 {[%emt 0:00:02]} 23. Rfd1 {[%emt 0:00:02]} Nc5 {[%emt 0:00:04]} 24. Rxd8+ {[%emt 0:00:03]} Rxd8 {[%emt 0:00:02]} 25. f3 {[%emt 0:00:06]} Ne6 {[%emt 0:00:11]} 26. Rxd8+ {[%emt 0:00:10]} Qxd8 {[%emt 0:00:03]} 27. Qd1 {[%emt 0:00:01]} Nd4 {[%emt 0:00:13]} 28. Ne2 {[%emt 0:00:39]} Qf6 {[%emt 0:01:36]} 29. Qd3 {[%emt 0:00:30]} h5 {[%emt 0:02:00]} 30. b4 {[%emt 0:00:27]} Qd6 {[%emt 0:00:26]} 31. b5 {[%emt 0:00:28]} cxb5 {[%emt 0:00:37]} 32. cxb5 {[%emt 0:00:00]} Qb4 {[%emt 0:00:11]} 33. Nc3 {[%emt 0:02:34]} Qb2+ {[%emt 0:01:37]} 34. Kg1 {[%emt 0:00:55]} Qxc3 {[%emt 0:00:08]} 0-1

[Event "European Online Club-ch-E 2021"]
[Site "Online"]
[Date "2021.03.27"]
[Round "2.4"]
[White "Nestor, Kaarel"]
[Black "Thereze, Ludovic"]
[Result "1-0"]
[WhiteElo "2134"]
[BlackElo "2007"]
[Annotator "NA"]
[PlyCount "87"]
[EventDate "2021.03.27"]
[EventType "team-tourn"]
[EventCountry "NET"]
[SourceTitle "playchess.com"]
[Source "ChessBase"]
[SourceQuality "1"]
[TimeControl "900+5"]

1. d4 {[%emt 0:00:00]} Nf6 {[%emt 0:00:04]} 2. Nf3 {[%emt 0:00:02]} e6 {[%emt 0:00:02]} 3. c4 {[%emt 0:00:03]} Bb4+ {[%emt 0:00:04]} 4. Bd2 {[%emt 0:00:02]} Qe7 {[%emt 0:00:02]} 5. a3 {[%emt 0:00:02]} Bxd2+ {[%emt 0:00:02]} 6. Nbxd2 {[%emt 0:00:04]} d5 {[%emt 0:00:02]} 7. e3 {[%emt 0:00:02]} O-O {[%emt 0:00:18]} 8. Be2 {[%emt 0:00:03]} b6 {[%emt 0:00:07]} 9. cxd5 {[%emt 0:00:04]} exd5 {[%emt 0:00:08]} 10. Rc1 {[%emt 0:00:03]} Ba6 {[%emt 0:00:40]} 11. b4 {[%emt 0:00:07]} Bxe2 {[%emt 0:00:17]} 12. Qxe2 {[%emt 0:00:02]} c6 {[%emt 0:00:24]} 13. Ne5 {[%emt 0:00:11]} Rc8 {[%emt 0:00:23]} 14. O-O {[%emt 0:00:21]} a5 {[%emt 0:00:35]} 15. Nd3 {[%emt 0:00:04]} axb4 {[%emt 0:00:14]} 16. axb4 {[%emt 0:00:03]} Ne4 {[%emt 0:01:14]} 17. Rc2 {[%emt 0:01:04]} Nd7 {[%emt 0:01:24]} 18. Rfc1 {[%emt 0:00:08]} Qd6 {[%emt 0:00:18]} 19. f3 {[%emt 0:00:24]} Nxd2 {[%emt 0:00:08]} 20. Qxd2 {[%emt 0:00:00]} Rc7 {[%emt 0:01:12]} 21. Qe1 {[%emt 0:00:50]} f5 {[%emt 0:01:36]} 22. f4 {[%emt 0:00:13]} Rac8 {[%emt 0:01:07]} 23. Ne5 {[%emt 0:00:10]} Nxe5 {[%emt 0:00:33]} 24. fxe5 {[%emt 0:00:00]} Qe7 {[%emt 0:00:05]} 25. Qf1 {[%emt 0:00:13]} g6 {[%emt 0:00:17]} 26. Qa6 {[%emt 0:00:20]} Qxb4 {[%emt 0:00:20]} 27. Qa2 {[%emt 0:00:05]} f4 {[%emt 0:00:41]} 28. Rb1 {[%emt 0:00:08]} Qf8 {[%emt 0:00:26]} 29. Rf2 {[%emt 0:00:03]} Rf7 {[%emt 0:00:20]} 30. Rbf1 {[%emt 0:00:09]} g5 {[%emt 0:00:56]} 31. Qb2 {[%emt 0:00:51]} b5 {[%emt 0:00:18]} 32. h4 {[%emt 0:01:07]} h6 {[%emt 0:00:07]} 33. hxg5 {[%emt 0:00:02]} hxg5 {[%emt 0:00:02]} 34. exf4 {[%emt 0:00:01]} Rxf4 {[%emt 0:00:19]} 35. Rxf4 {[%emt 0:00:04]} gxf4 {[%emt 0:00:02]} 36. Qd2 {[%emt 0:00:01]} Ra8 {[%emt 0:00:32]} 37. Rxf4 {[%emt 0:00:07]} Ra1+ {[%emt 0:00:05]} 38. Kf2 {[%emt 0:00:07]} Qh6 {[%emt 0:01:32]} 39. Rg4+ {[%emt 0:02:20]} Kh7 {[%emt 0:00:04]} 40. Qd3+ {[%emt 0:00:31]} Kh8 {[%emt 0:00:02]} 41. Qf3 {[%emt 0:00:14]} Qd2+ {[%emt 0:00:24]} 42. Kg3 {[%emt 0:00:03]} Qe1+ {[%emt 0:00:09]} 43. Kf4 {[%emt 0:00:02]} Ra2 {[%emt 0:00:23]} 44. Qh3+ {[%emt 0:00:05]} 1-0

[Event "European Online Club-ch-E 2021"]
[Site "Online"]
[Date "2021.03.27"]
[Round "2.5"]
[White "Dedebas, Emre Emin"]
[Black "Westerberg, Jonathan"]
[Result "1/2-1/2"]
[WhiteElo "2335"]
[BlackElo "2534"]
[Annotator "ChessBase"]
[PlyCount "179"]
[EventDate "2021.03.27"]
[EventType "team-tourn"]
[EventCountry "NET"]
[SourceTitle "playchess.com"]
[Source "ChessBase"]
[SourceQuality "1"]
[TimeControl "900+5"]

1. d4 {[%emt 0:00:00]} d5 {[%emt 0:00:04]} 2. c4 {[%emt 0:00:03]} dxc4 {[%emt 0:00:01]} 3. e3 {[%emt 0:00:02]} e5 {[%emt 0:00:03]} 4. Bxc4 {[%emt 0:00:06]} exd4 {[%emt 0:00:02]} 5. exd4 {[%emt 0:00:01]} Nf6 {[%emt 0:00:02]} 6. Nf3 {[%emt 0:00:03]} Bd6 {[%emt 0:00:04]} 7. Qe2+ {[%emt 0:00:02]} Qe7 {[%emt 0:00:02]} 8. Qxe7+ {[%emt 0:00:03]} Bxe7 {[%emt 0:00:02]} 9. Nc3 {[%emt 0:00:07]} a6 {[%emt 0:00:17]} 10. O-O {[%emt 0:00:34]} O-O {[%emt 0:02:02]} 11. Re1 {[%emt 0:02:02]} Bd6 {[%emt 0:00:04]} 12. Bg5 {[%emt 0:00:41]} Nbd7 {[%emt 0:00:07]} 13. Ne5 {[%emt 0:00:13]} Nb6 {[%emt 0:00:08]} 14. Bb3 {[%emt 0:00:49]} Be6 {[%emt 0:00:04]} 15. Bxe6 {[%emt 0:02:00]} fxe6 {[%emt 0:00:03]} 16. Nd3 {[%emt 0:00:40]} Rfe8 {[%emt 0:01:40]} 17. Bxf6 {[%emt 0:02:34]} gxf6 {[%emt 0:00:04]} 18. Ne4 {[%emt 0:00:02]} Kf7 {[%emt 0:00:29]} 19. Ndc5 {[%emt 0:00:55]} Rab8 {[%emt 0:00:19]} 20. Rac1 {[%emt 0:00:02]} Nd5 {[%emt 0:00:14]} 21. g3 {[%emt 0:00:14]} Bf8 {[%emt 0:01:37]} 22. Kg2 {[%emt 0:00:21]} Re7 {[%emt 0:01:30]} 23. a3 {[%emt 0:00:21]} a5 {[%emt 0:00:21]} 24. Rc2 {[%emt 0:01:09]} b6 {[%emt 0:00:09]} 25. Nd3 {[%emt 0:00:26]} Rd8 {[%emt 0:00:29]} 26. Nd2 {[%emt 0:01:23]} Red7 {[%emt 0:00:57]} 27. Nf3 {[%emt 0:00:02]} Bh6 {[%emt 0:00:06]} 28. Rc6 {[%emt 0:00:18]} Rd6 {[%emt 0:00:06]} 29. Rc4 {[%emt 0:00:06]} c6 {[%emt 0:00:15]} 30. Re2 {[%emt 0:00:25]} Ne7 {[%emt 0:00:04]} 31. b4 {[%emt 0:01:03]} Ra8 {[%emt 0:01:28]} 32. Rec2 {[%emt 0:00:25]} axb4 {[%emt 0:00:10]} 33. Nxb4 {[%emt 0:00:16]} Rxa3 {[%emt 0:00:02]} 34. Nxc6 {[%emt 0:00:02]} Ra8 {[%emt 0:04:07]} 35. Nxe7 {[%emt 0:00:05]} Kxe7 {[%emt 0:00:00]} 36. Rb2 {[%emt 0:00:12]} Rb8 {[%emt 0:00:03]} 37. Rc7+ {[%emt 0:00:05]} Rd7 {[%emt 0:00:03]} 38. Rc6 {[%emt 0:00:01]} b5 {[%emt 0:00:02]} 39. Re2 {[%emt 0:00:12]} Rd6 {[%emt 0:00:02]} 40. Rc7+ {[%emt 0:00:01]} Kf8 {[%emt 0:00:01]} 41. Rxh7 {[%emt 0:00:12]} Bg7 {[%emt 0:00:02]} 42. Rb2 {[%emt 0:00:02]} b4 {[%emt 0:00:04]} 43. Rb3 {[%emt 0:00:03]} Rc6 {[%emt 0:00:02]} 44. Rh5 {[%emt 0:00:02]} f5 {[%emt 0:00:06]} 45. g4 {[%emt 0:00:06]} fxg4 {[%emt 0:00:11]} 46. Ne5 {[%emt 0:00:02]} Rd6 {[%emt 0:00:05]} 47. Rg5 {[%emt 0:00:16]} Bxe5 {[%emt 0:00:48]} 48. dxe5 {[%emt 0:00:04]} Rd4 {[%emt 0:00:01]} 49. Kg3 {[%emt 0:00:03]} Rb5 {[%emt 0:00:10]} 50. Rxg4 {[%emt 0:00:03]} Rxg4+ {[%emt 0:00:02]} 51. Kxg4 {[%emt 0:00:01]} Rxe5 {[%emt 0:00:01]} 52. Rxb4 {[%emt 0:00:02]} Kg7 {[%emt 0:00:02]} 53. h4 {[%emt 0:00:08]} Kg6 {[%emt 0:00:04]} 54. f3 {[%emt 0:00:02]} Re1 {[%emt 0:00:02]} 55. Re4 {[%emt 0:00:08]} Rg1+ {[%emt 0:00:03]} 56. Kh3 {[%emt 0:00:01]} Kf5 {[%emt 0:00:06]} 57. Kh2 {[%emt 0:00:02]} Rg8 {[%emt 0:00:04]} 58. Kh3 {[%emt 0:00:03]} Rg1 {[%emt 0:00:04]} 59. Rg4 {[%emt 0:00:03]} Rh1+ {[%emt 0:00:09]} 60. Kg2 {[%emt 0:00:03]} Rc1 {[%emt 0:00:05]} 61. h5 {[%emt 0:00:07]} e5 {[%emt 0:00:01]} 62. h6 {[%emt 0:00:12]} Rc6 {[%emt 0:00:09]} 63. Rh4 {[%emt 0:00:10]} Rc8 {[%emt 0:00:06]} 64. Kf2 {[%emt 0:00:09]} Rh8 {[%emt 0:00:07]} 65. Ke3 {[%emt 0:00:07]} Kg5 {[%emt 0:00:03]} 66. Rh1 {[%emt 0:00:01]} Kf5 {[%emt 0:00:07]} 67. h7 {[%emt 0:00:03]} Kg6 {[%emt 0:00:02]} 68. Ke4 {[%emt 0:00:02]} Kf6 {[%emt 0:00:01]} 69. Rh2 {[%emt 0:00:03]} Kg7 {[%emt 0:00:06]} 70. Kxe5 {[%emt 0:00:03]} Re8+ {[%emt 0:00:02]} 71. Kd4 {[%emt 0:00:03]} Kh8 {[%emt 0:00:05]} 72. f4 {[%emt 0:00:03]} Rf8 {[%emt 0:00:03]} 73. Ke4 {[%emt 0:00:01]} Re8+ {[%emt 0:00:01]} 74. Kf3 {[%emt 0:00:02]} Rf8 {[%emt 0:00:02]} 75. Kg4 {[%emt 0:00:04]} Rf7 {[%emt 0:00:02]} 76. Kg5 {[%emt 0:00:05]} Rg7+ {[%emt 0:00:02]} 77. Kf6 {[%emt 0:00:02]} Rf7+ {[%emt 0:00:05]} 78. Ke5 {[%emt 0:00:06]} Re7+ {[%emt 0:00:03]} 79. Kf5 {[%emt 0:00:10]} Rf7+ {[%emt 0:00:02]} 80. Kg4 {[%emt 0:00:02]} Rg7+ {[%emt 0:00:01]} 81. Kf3 {[%emt 0:00:02]} Rf7 {[%emt 0:00:02]} 82. Rh5 {[%emt 0:00:03]} Re7 {[%emt 0:00:07]} 83. f5 {[%emt 0:00:04]} Rxh7 {[%emt 0:00:22]} 84. Rxh7+ {[%emt 0:00:30]} Kxh7 {[%emt 0:00:02]} 85. Ke4 {[%emt 0:00:02]} Kg7 {[%emt 0:00:02]} 86. Ke5 {[%emt 0:00:01]} Kf7 {[%emt 0:00:01]} 87. f6 {[%emt 0:00:02]} Kf8 {[%emt 0:00:02]} 88. Ke6 {[%emt 0:00:04]} Ke8 {[%emt 0:00:02]} 89. f7+ {[%emt 0:00:01]} Kf8 {[%emt 0:00:01]} 90. Kf6 {[%emt 0:00:01]} 1/2-1/2

[Event "European Online Club-ch-E 2021"]
[Site "Online"]
[Date "2021.03.27"]
[Round "2.6"]
[White "Seo, Jung Min"]
[Black "Angun, Batu"]
[Result "0-1"]
[WhiteElo "2453"]
[BlackElo "2326"]
[Annotator "ChessBase"]
[PlyCount "80"]
[EventDate "2021.03.27"]
[EventType "team-tourn"]
[EventCountry "NET"]
[SourceTitle "playchess.com"]
[Source "ChessBase"]
[SourceQuality "1"]
[TimeControl "900+5"]

1. e4 {[%emt 0:00:00]} c5 {[%emt 0:00:04]} 2. Nf3 {[%emt 0:00:02]} e6 {[%emt 0:00:04]} 3. g3 {[%emt 0:00:03]} Nc6 {[%emt 0:00:04]} 4. Bg2 {[%emt 0:00:02]} g6 {[%emt 0:00:24]} 5. d4 {[%emt 0:00:14]} Nxd4 {[%emt 0:01:13]} 6. Nxd4 {[%emt 0:00:05]} cxd4 {[%emt 0:00:02]} 7. Qxd4 {[%emt 0:00:02]} Qf6 {[%emt 0:00:07]} 8. e5 {[%emt 0:00:13]} Qd8 {[%emt 0:00:07]} 9. Nc3 {[%emt 0:00:20]} Bg7 {[%emt 0:00:18]} 10. O-O {[%emt 0:00:05]} d5 {[%emt 0:00:12]} 11. Re1 {[%emt 0:01:41]} h6 {[%emt 0:01:20]} 12. Qc5 {[%emt 0:00:47]} b6 {[%emt 0:00:57]} 13. Qb4 {[%emt 0:00:25]} Ne7 {[%emt 0:00:10]} 14. Nb5 {[%emt 0:00:47]} O-O {[%emt 0:00:05]} 15. f4 {[%emt 0:00:28]} Bd7 {[%emt 0:01:06]} 16. Nd6 {[%emt 0:00:07]} Nc8 {[%emt 0:00:05]} 17. Nb5 {[%emt 0:00:57]} Ne7 {[%emt 0:00:57]} 18. a4 {[%emt 0:00:21]} a5 {[%emt 0:01:12]} 19. Qb3 {[%emt 0:00:14]} Nf5 {[%emt 0:00:42]} 20. Bd2 {[%emt 0:00:45]} Rc8 {[%emt 0:00:25]} 21. c3 {[%emt 0:00:24]} Bxb5 {[%emt 0:00:57]} 22. Qxb5 {[%emt 0:00:04]} Re8 {[%emt 0:00:03]} 23. Qd3 {[%emt 0:00:10]} Bf8 {[%emt 0:00:07]} 24. Kh1 {[%emt 0:00:04]} Bc5 {[%emt 0:00:09]} 25. Bh3 {[%emt 0:00:15]} d4 {[%emt 0:00:18]} 26. Bxf5 {[%emt 0:00:14]} exf5 {[%emt 0:00:12]} 27. c4 {[%emt 0:00:02]} Rc7 {[%emt 0:00:20]} 28. b3 {[%emt 0:00:04]} Rce7 {[%emt 0:00:11]} 29. Qf3 {[%emt 0:00:25]} Re6 {[%emt 0:00:43]} 30. Qd5 {[%emt 0:00:05]} Qe7 {[%emt 0:00:07]} 31. Rad1 {[%emt 0:00:07]} h5 {[%emt 0:00:18]} 32. Qf3 {[%emt 0:00:26]} Kg7 {[%emt 0:00:11]} 33. Kg2 {[%emt 0:00:04]} f6 {[%emt 0:00:12]} 34. exf6+ {[%emt 0:00:08]} Qxf6 {[%emt 0:00:05]} 35. Rxe6 {[%emt 0:00:03]} Rxe6 {[%emt 0:00:05]} 36. Re1 {[%emt 0:00:04]} Rxe1 {[%emt 0:00:06]} 37. Bxe1 {[%emt 0:00:03]} Qe7 {[%emt 0:00:02]} 38. Bf2 {[%emt 0:00:45]} Qe4 {[%emt 0:00:06]} 39. h3 {[%emt 0:00:26]} d3 {[%emt 0:00:06]} 40. Bxc5 {[%emt 0:00:03]} d2 {[%emt 0:00:23]} 0-1

[Event "European Online Club-ch-E 2021"]
[Site "Online"]
[Date "2021.03.27"]
[Round "2.7"]
[White "Ozenir, Ekin Baris"]
[Black "Hauge, Lars Oskar"]
[Result "1-0"]
[WhiteElo "2309"]
[BlackElo "2483"]
[Annotator "ChessBase"]
[PlyCount "49"]
[EventDate "2021.03.27"]
[EventType "team-tourn"]
[EventCountry "NET"]
[SourceTitle "playchess.com"]
[Source "ChessBase"]
[SourceQuality "1"]
[TimeControl "900+5"]

1. d4 {[%emt 0:00:00]} f5 {[%emt 0:00:05]} 2. Bg5 {[%emt 0:00:09]} h6 {[%emt 0:00:03]} 3. Bh4 {[%emt 0:00:15]} g5 {[%emt 0:00:02]} 4. e3 {[%emt 0:00:06]} Bg7 {[%emt 0:00:02]} 5. Bg3 {[%emt 0:00:09]} c5 {[%emt 0:00:02]} 6. c3 {[%emt 0:00:12]} Qb6 {[%emt 0:00:16]} 7. Na3 {[%emt 0:01:07]} d6 {[%emt 0:04:56]} 8. Nc4 {[%emt 0:00:55]} Qc7 {[%emt 0:00:04]} 9. h4 {[%emt 0:01:39]} f4 {[%emt 0:01:19]} 10. exf4 {[%emt 0:00:27]} g4 {[%emt 0:00:03]} 11. d5 {[%emt 0:00:23]} Nf6 {[%emt 0:00:10]} 12. Ne3 {[%emt 0:00:28]} O-O {[%emt 0:01:20]} 13. Bd3 {[%emt 0:00:13]} Nbd7 {[%emt 0:03:20]} 14. Ne2 {[%emt 0:01:06]} Nb6 {[%emt 0:00:03]} 15. Bc2 {[%emt 0:00:29]} Nh5 {[%emt 0:00:45]} 16. f5 {[%emt 0:00:32]} Nd7 {[%emt 0:00:16]} 17. Nf4 {[%emt 0:01:09]} Nxf4 {[%emt 0:00:08]} 18. Bxf4 {[%emt 0:00:04]} h5 {[%emt 0:00:01]} 19. f3 {[%emt 0:00:40]} Ne5 {[%emt 0:00:24]} 20. fxg4 {[%emt 0:00:51]} Nxg4 {[%emt 0:00:28]} 21. Nxg4 {[%emt 0:00:11]} hxg4 {[%emt 0:00:08]} 22. Qxg4 {[%emt 0:00:06]} Qb6 {[%emt 0:00:04]} 23. O-O-O {[%emt 0:00:37]} Bd7 {[%emt 0:00:12]} 24. Rh3 {[%emt 0:00:45]} Rf7 {[%emt 0:00:12]} 25. Rg3 {[%emt 0:00:17]} 1-0

[Event "European Online Club-ch-E 2021"]
[Site "Online"]
[Date "2021.03.27"]
[Round "2.8"]
[White "Arman, Deniz"]
[Black "Dolgun, Can"]
[Result "1/2-1/2"]
[WhiteElo "2336"]
[BlackElo "2133"]
[Annotator "NA"]
[PlyCount "104"]
[EventDate "2021.03.27"]
[EventType "team-tourn"]
[EventCountry "NET"]
[SourceTitle "playchess.com"]
[Source "ChessBase"]
[SourceQuality "1"]
[TimeControl "900+5"]

1. e4 {[%emt 0:00:00]} e5 {[%emt 0:00:02]} 2. Nf3 {[%emt 0:00:03]} Nc6 {[%emt 0:00:02]} 3. Bb5 {[%emt 0:00:03]} a6 {[%emt 0:00:01]} 4. Bxc6 {[%emt 0:00:02]} dxc6 {[%emt 0:00:01]} 5. O-O {[%emt 0:00:03]} f6 {[%emt 0:00:08]} 6. d4 {[%emt 0:00:02]} exd4 {[%emt 0:00:01]} 7. Nxd4 {[%emt 0:00:01]} c5 {[%emt 0:00:02]} 8. Ne2 {[%emt 0:00:01]} Qxd1 {[%emt 0:00:01]} 9. Rxd1 {[%emt 0:00:02]} Bd7 {[%emt 0:00:03]} 10. Nbc3 {[%emt 0:00:02]} O-O-O {[%emt 0:00:14]} 11. Bf4 {[%emt 0:00:08]} Ne7 {[%emt 0:00:16]} 12. Nd5 {[%emt 0:01:51]} Nxd5 {[%emt 0:00:24]} 13. Rxd5 {[%emt 0:00:04]} Be7 {[%emt 0:00:54]} 14. Rad1 {[%emt 0:00:14]} Bc6 {[%emt 0:00:05]} 15. Rxd8+ {[%emt 0:00:04]} Rxd8 {[%emt 0:00:19]} 16. Rxd8+ {[%emt 0:00:03]} Kxd8 {[%emt 0:00:09]} 17. f3 {[%emt 0:00:04]} b5 {[%emt 0:00:26]} 18. Kf2 {[%emt 0:00:29]} Kd7 {[%emt 0:00:03]} 19. h4 {[%emt 0:00:09]} f5 {[%emt 0:00:44]} 20. exf5 {[%emt 0:00:36]} Bxh4+ {[%emt 0:00:03]} 21. Ke3 {[%emt 0:00:08]} Bf6 {[%emt 0:00:14]} 22. c3 {[%emt 0:00:12]} b4 {[%emt 0:00:30]} 23. g4 {[%emt 0:00:20]} h6 {[%emt 0:00:32]} 24. cxb4 {[%emt 0:01:30]} cxb4 {[%emt 0:00:07]} 25. b3 {[%emt 0:00:02]} Bd5 {[%emt 0:02:02]} 26. Nc1 {[%emt 0:01:16]} c5 {[%emt 0:00:42]} 27. Nd3 {[%emt 0:00:52]} Bd4+ {[%emt 0:00:53]} 28. Ke2 {[%emt 0:00:04]} a5 {[%emt 0:00:47]} 29. Ne5+ {[%emt 0:07:20]} Ke7 {[%emt 0:00:41]} 30. Kd3 {[%emt 0:00:30]} a4 {[%emt 0:04:57]} 31. bxa4 {[%emt 0:01:05]} Ke8 {[%emt 0:00:53]} 32. a5 {[%emt 0:00:06]} Bxa2 {[%emt 0:00:17]} 33. a6 {[%emt 0:00:04]} Bd5 {[%emt 0:00:15]} 34. a7 {[%emt 0:00:13]} b3 {[%emt 0:00:09]} 35. Nc4 {[%emt 0:00:03]} b2 {[%emt 0:00:05]} 36. Na3 {[%emt 0:00:05]} Bxf3 {[%emt 0:00:13]} 37. g5 {[%emt 0:00:03]} hxg5 {[%emt 0:00:10]} 38. Bxg5 {[%emt 0:00:02]} Bd5 {[%emt 0:00:06]} 39. Be3 {[%emt 0:00:02]} Bxe3 {[%emt 0:00:22]} 40. Kxe3 {[%emt 0:00:01]} Kf7 {[%emt 0:00:03]} 41. Kd3 {[%emt 0:00:04]} Kf6 {[%emt 0:00:08]} 42. Kc3 {[%emt 0:00:02]} Kxf5 {[%emt 0:00:02]} 43. Kxb2 {[%emt 0:00:03]} g5 {[%emt 0:00:04]} 44. Nc4 {[%emt 0:00:01]} Kf4 {[%emt 0:00:09]} 45. Kc3 {[%emt 0:00:05]} g4 {[%emt 0:00:04]} 46. Kd2 {[%emt 0:00:01]} Kg3 {[%emt 0:00:06]} 47. Ne3 {[%emt 0:00:03]} Bb7 {[%emt 0:00:06]} 48. Kd3 {[%emt 0:00:16]} Kf3 {[%emt 0:00:07]} 49. Nxg4 {[%emt 0:00:16]} Kxg4 {[%emt 0:00:06]} 50. Kc4 {[%emt 0:00:01]} Bh1 {[%emt 0:00:06]} 51. Kxc5 {[%emt 0:00:04]} Kf5 {[%emt 0:00:01]} 52. a8=Q {[%emt 0:00:05]} Bxa8 {[%emt 0:00:02]} 1/2-1/2

[Event "European Online Club-ch-E 2021"]
[Site "Online"]
[Date "2021.03.27"]
[Round "2.9"]
[White "Pavlidis, Antonios"]
[Black "Chatalbashev, Boris"]
[Result "0-1"]
[WhiteElo "2536"]
[BlackElo "2530"]
[Annotator "ChessBase"]
[PlyCount "70"]
[EventDate "2021.03.27"]
[EventType "team-tourn"]
[EventCountry "NET"]
[SourceTitle "playchess.com"]
[Source "ChessBase"]
[SourceQuality "1"]
[TimeControl "900+5"]

1. e4 {[%emt 0:00:00]} g6 {[%emt 0:00:04]} 2. d4 {[%emt 0:00:03]} Bg7 {[%emt 0:00:02]} 3. Nc3 {[%emt 0:00:02]} d5 {[%emt 0:00:03]} 4. exd5 {[%emt 0:00:03]} Nf6 {[%emt 0:00:01]} 5. Bc4 {[%emt 0:00:05]} Nbd7 {[%emt 0:00:04]} 6. Qf3 {[%emt 0:00:04]} Nb6 {[%emt 0:00:05]} 7. Bb3 {[%emt 0:00:02]} Bg4 {[%emt 0:00:13]} 8. Qg3 {[%emt 0:00:15]} Bf5 {[%emt 0:00:03]} 9. Qf3 {[%emt 0:00:12]} Bg4 {[%emt 0:00:02]} 10. Qg3 {[%emt 0:00:32]} Bf5 {[%emt 0:00:02]} 11. Nf3 {[%emt 0:01:09]} O-O {[%emt 0:00:30]} 12. Qh4 {[%emt 0:00:47]} a5 {[%emt 0:00:07]} 13. a4 {[%emt 0:00:08]} Nbxd5 {[%emt 0:00:11]} 14. Bh6 {[%emt 0:00:22]} Nxc3 {[%emt 0:00:34]} 15. bxc3 {[%emt 0:00:03]} Be4 {[%emt 0:02:27]} 16. Ng5 {[%emt 0:00:32]} Bxg2 {[%emt 0:00:13]} 17. Rg1 {[%emt 0:00:08]} Bd5 {[%emt 0:00:03]} 18. c4 {[%emt 0:00:09]} Bc6 {[%emt 0:00:05]} 19. d5 {[%emt 0:00:40]} Bd7 {[%emt 0:00:05]} 20. O-O-O {[%emt 0:00:28]} Bf5 {[%emt 0:00:36]} 21. c5 {[%emt 0:01:26]} b6 {[%emt 0:00:21]} 22. d6 {[%emt 0:04:35]} cxd6 {[%emt 0:00:04]} 23. cxd6 {[%emt 0:00:03]} exd6 {[%emt 0:00:12]} 24. Bxg7 {[%emt 0:00:46]} Kxg7 {[%emt 0:00:04]} 25. Qf4 {[%emt 0:00:05]} d5 {[%emt 0:00:29]} 26. Qxf5 {[%emt 0:00:12]} gxf5 {[%emt 0:00:07]} 27. Ne6+ {[%emt 0:00:01]} Kh8 {[%emt 0:00:17]} 28. Nxd8 {[%emt 0:00:02]} Raxd8 {[%emt 0:00:03]} 29. Rg5 {[%emt 0:00:02]} Ne4 {[%emt 0:01:33]} 30. Rxf5 {[%emt 0:00:03]} d4 {[%emt 0:00:02]} 31. Bd5 {[%emt 0:01:49]} Nc3 {[%emt 0:00:20]} 32. Rd3 {[%emt 0:00:02]} Rxd5 {[%emt 0:00:23]} 33. Rxd5 {[%emt 0:00:03]} Nxd5 {[%emt 0:00:03]} 34. Rxd4 {[%emt 0:00:01]} Nb4 {[%emt 0:00:14]} 35. c3 {[%emt 0:00:02]} Na6 {[%emt 0:00:09]} 0-1